Partidos y programas políticos, 1808-1936 / (Registro nro. 11324)

Detalles MARC
000 -LIDER
fixed length control field 01158nam a22003851 4500
001 - NÚMERO DE CONTROL
Identificador de número de control 005668
003 - IDENTIFICACDOR DE NÚMERO DE CONTROL
control field DO-SdBNP
005 - DATE AND TIME OF LATEST TRANSACTION
control field 20171109090705.0
007 - CAMPOS FIJOS DE DESCRIPCIÓN FÍSICA
fixed length control field 005668
008 - ELEMENTOS DE LONGITUD FIJA
fixed length control field 900725s1974 sp spa
016 7# - NO. DE CONTROL DE LA AGENCIA BIB. NACIONAL
Record control number
Canceled/invalid record control number
Source BPMSU
017 ## - NÚMERO DE REGISTRO DE DERECHOS DE AUTOR
Copyright or legal deposit number
Assigning agency
020 ## - ISBN
International Standard Book Number 8403129971
035 ## - NÚMERO LOCAL
System control number
040 ## - FUENTE DE CATALOGACIÓN
Agencia que crea de manera original el registro BPMSU
Idioma de catalogación spa
Agencia que realiza la transcripción BPMSU
080 #0 - NÚMERO DE CLASIFICACIÓN DECIMAL UNIVERSAL
Universal Decimal Classification number
080 #0 - NÚMERO DE CLASIFICACIÓN DECIMAL UNIVERSAL
Universal Decimal Classification number
082 #4 - NÚMERO DE CLASIFICACIÓN DECIMAL DE DEWEY
Classification number 324.246
Item number A792p
100 1# - ASIENTO PRINCIPAL -- NOMBRE PERSONAL
Nombre personal Artola, Miguel
Fechas asociadas con el nombre 1923-
245 10 - MENCIÓN DE TITULO
Título Partidos y programas políticos, 1808-1936 /
Medio (Designación general de material)
Mención de responsabilidad Miguel Artola
260 0# - PUBLICACIÓN, DISTRIBUCIÓN, ETC. (PIE DE IMPRENTA)
Lugar de publicación, distribución, etc Madrid :
Nombre del editor, distribuidor, etc. Aguilar,
Fecha de publicación, distribución, etc 1974
300 ## - DESCRIPCIÓN FÍSICA
Extensión 2 v.
Dimensiones 25 cm
490 1# - MENCIÓN DE SERIES
Mención de serie Cultural e historia
500 ## - NOTA GENERAL
Nota general Incluye referencias bibliográficas y notas al pie de las páginas
500 ## - NOTA GENERAL
Nota general La biblioteca posee el v.1
505 0# - NOTA DE CONTENIDO
Información miscelánea v. 1 :
Título Los partidos políticos
Texto normalizado de contenido
505 0# - NOTA DE CONTENIDO
Información miscelánea v. 2 :
Título Manifiestos y programas
Texto normalizado de contenido
650 #4 - ENCABEZAMIENTO DE MATERIA--TEMÁTICO
Término temático o nombre geográfico como elemento de entrada PARTIDOS POLÍTICOS
Subdivisión geográfica ESPAÑA
Subdivisión temática general HISTORIA
651 #4 - ENCABEZAMIENTO DE MATERIA--NOMBRE GEOGRÁFICO
Nombre geográfico ESPAÑA
Subdivisión temática general POLÍTICA Y GOBIERNO
830 ## - ASIENTO SECUNDARIO DE SERIE--TÍTULO UNIFORME
Título uniforme Cultural e Historia
910 ## - VALIDACIÓN
Validación Validado. Control de calidad MFF
942 ## - ADDED ENTRY ELEMENTS (KOHA)
Source of classification or shelving scheme Dewey Decimal Classification
Koha item type Libros
945 ## - INFORMACIÓN DE PROCESAMIENTO LOCAL
Información de procesamiento local Inventariado, 2017/MFF
956 ## - LOCAL ELECTRONIC LOCATION AND ACCESS (OCLC)
Nombre de host VMATEO
Número de acceso 10
Información de compresión 20160905
Trayectoria BPMSU
Nombre Electrónico 0069
Existencias
Withdrawn status Lost status Source of classification or shelving scheme Damaged status Not for loan Collection code Home library Current library Date acquired Source of acquisition Total Checkouts Full call number Barcode Date last seen Price effective from Koha item type
    Dewey Decimal Classification     Colección General Biblioteca Pública Metropolitana Salomé Ureña Biblioteca Pública Metropolitana Salomé Ureña 09/05/2016 SELLAR   324.246 A792p BPMSU16110046 09/05/2016 09/05/2016 Libros